| 000 | 00634nam a2200229Ia 4500 | ||
|---|---|---|---|
| 003 | OSt | ||
| 005 | 20231107141840.0 | ||
| 008 | 210329s9999||||xx |||||||||||||| ||und|| | ||
| 020 | _a9780691150918 | ||
| 040 | _cSTCPL | ||
| 041 | _aENG | ||
| 082 |
_a510 _bWIL-H |
||
| 100 | _aByers, William | ||
| 245 | 0 |
_aHow mathematicians think : _bUsing ambiguity, contradiction, and paradox to create mathematics / _cby William Byers |
|
| 260 |
_aNew Jersey : _bPrinceton University Press , _c2007 . |
||
| 300 |
_a415 p. _bPB |
||
| 650 | _aMathematics | ||
| 650 | _aLight of ambiguity | ||
| 650 | _aParadox | ||
| 942 | _cBK | ||
| 942 | _2ddc | ||
| 999 |
_c62188 _d62188 |
||